000 00515nam a2200169 4500
001 136857
003 ES-MaACL
007 t|
008 070214s1983 sp r ||||1| spa d
100 1 _aSahler, Olle Jane Z.
_9101478
245 1 3 _aEl niño y la muerte /
_cOlle Jane Z. Sahler ; versión de M. A. Fernández Alvarez.
250 _a1ª. ed.
260 _aMadrid :
_bAlhambra,
_c1983.
300 _aXVIII, 281 p. ;
_c24 cm.
700 1 _aFernández Alvarez, M. A.
_949457
852 _aES-MaACL
_jL-4076
_bR.105000
999 _c136857
_d136857